<?xml version="1.0" encoding="UTF-8"?>
<record
    xmlns:xsi="http://www.w3.org/2001/XMLSchema-instance"
    xsi:schemaLocation="http://www.loc.gov/MARC21/slim http://www.loc.gov/standards/marcxml/schema/MARC21slim.xsd"
    xmlns="http://www.loc.gov/MARC21/slim">

  <leader>03342nam a2200565Ia 4500</leader>
  <controlfield tag="001">663</controlfield>
  <controlfield tag="008">241029s9999    xx            000 0 und d</controlfield>
  <datafield tag="010" ind1=" " ind2=" ">
    <subfield code="a">600</subfield>
  </datafield>
  <datafield tag="041" ind1=" " ind2=" ">
    <subfield code="a">Espa&#xF1;ol</subfield>
  </datafield>
  <datafield tag="082" ind1=" " ind2=" ">
    <subfield code="a">NO APLICA</subfield>
  </datafield>
  <datafield tag="245" ind1=" " ind2="0">
    <subfield code="a">Aplicaci&#xF3;n de las Tecnolog&#xED;as de la Informaci&#xF3;n y Comunicaci&#xF3;n (TIC), en la ense&#xF1;anza de las Matem&#xE1;ticas 014, y su incidencia en el desarrollo de competencias de los discentes, del Centro Universitario Regional del Nordeste (CURNE), durante el a&#xF1;o 2012-2.</subfield>
  </datafield>
  <datafield tag="260" ind1=" " ind2=" ">
    <subfield code="a">Duarte</subfield>
  </datafield>
  <datafield tag="300" ind1=" " ind2=" ">
    <subfield code="a">85</subfield>
  </datafield>
  <datafield tag="520" ind1=" " ind2=" ">
    <subfield code="a">29</subfield>
  </datafield>
  <datafield tag="630" ind1=" " ind2=" ">
    <subfield code="a">Desarrollo Humano</subfield>
  </datafield>
  <datafield tag="630" ind1=" " ind2=" ">
    <subfield code="a">Incidencia</subfield>
  </datafield>
  <datafield tag="630" ind1=" " ind2=" ">
    <subfield code="a">Matem&#xE1;tica</subfield>
  </datafield>
  <datafield tag="630" ind1=" " ind2=" ">
    <subfield code="a">Tecnolog&#xED;a Educativa</subfield>
  </datafield>
  <datafield tag="650" ind1=" " ind2=" ">
    <subfield code="a">Matem&#xE1;tica</subfield>
  </datafield>
  <datafield tag="690" ind1=" " ind2=" ">
    <subfield code="a">Copiado sin cambios</subfield>
  </datafield>
  <datafield tag="700" ind1=" " ind2=" ">
    <subfield code="e">asesor</subfield>
    <subfield code="a">Dolores Mena, Alma</subfield>
  </datafield>
  <datafield tag="700" ind1=" " ind2=" ">
    <subfield code="e">autor</subfield>
    <subfield code="a">Lora Castillo, Mar&#xED;a Yolaris</subfield>
  </datafield>
  <datafield tag="700" ind1=" " ind2=" ">
    <subfield code="e">autor</subfield>
    <subfield code="a">Morel Reyes, Pedro Agust&#xED;n</subfield>
  </datafield>
  <datafield tag="901" ind1=" " ind2=" ">
    <subfield code="a">{"1":"Lora Castillo","2":"Morel Reyes"}</subfield>
    <subfield code="b">{"1":"Mar&#xED;a Yolaris","2":"Pedro Agust&#xED;n"}</subfield>
  </datafield>
  <datafield tag="902" ind1=" " ind2=" ">
    <subfield code="a">1</subfield>
  </datafield>
  <datafield tag="903" ind1=" " ind2=" ">
    <subfield code="a">{"1":"Dolores Mena"}</subfield>
    <subfield code="b">{"1":"Alma"}</subfield>
  </datafield>
  <datafield tag="904" ind1=" " ind2=" ">
    <subfield code="a">Maestr&#xED;a en</subfield>
  </datafield>
  <datafield tag="905" ind1=" " ind2=" ">
    <subfield code="a">Ense&#xF1;anza Superior</subfield>
  </datafield>
  <datafield tag="906" ind1=" " ind2=" ">
    <subfield code="a">2</subfield>
  </datafield>
  <datafield tag="907" ind1=" " ind2=" ">
    <subfield code="a">NO APLICA</subfield>
  </datafield>
  <datafield tag="908" ind1=" " ind2=" ">
    <subfield code="a">NO APLICA</subfield>
  </datafield>
  <datafield tag="909" ind1=" " ind2=" ">
    <subfield code="a">Universidad Aut&#xF3;noma de Santo Domingo (UASD)</subfield>
  </datafield>
  <datafield tag="910" ind1=" " ind2=" ">
    <subfield code="a">NULL</subfield>
    <subfield code="b">NULL</subfield>
  </datafield>
  <datafield tag="911" ind1=" " ind2=" ">
    <subfield code="a">["1"]</subfield>
  </datafield>
  <datafield tag="912" ind1=" " ind2=" ">
    <subfield code="a">NO APLICA</subfield>
  </datafield>
  <datafield tag="913" ind1=" " ind2=" ">
    <subfield code="a">NULL</subfield>
  </datafield>
  <datafield tag="914" ind1=" " ind2=" ">
    <subfield code="a">01 de Mayo de 2012</subfield>
  </datafield>
  <datafield tag="915" ind1=" " ind2=" ">
    <subfield code="a">12/11/19 10:11</subfield>
  </datafield>
  <datafield tag="916" ind1=" " ind2=" ">
    <subfield code="a">NULL</subfield>
  </datafield>
  <datafield tag="917" ind1=" " ind2=" ">
    <subfield code="a">NULL</subfield>
  </datafield>
  <datafield tag="918" ind1=" " ind2=" ">
    <subfield code="a">NO APLICA</subfield>
  </datafield>
  <datafield tag="919" ind1=" " ind2=" ">
    <subfield code="a">["58","209","135","191"]</subfield>
  </datafield>
  <datafield tag="520" ind1=" " ind2=" ">
    <subfield code="a">La Matem&#xE1;tica 014, ha sido desde hace mucho tiempo la preocupaci&#xF3;n de los discentes que deciden realizar sus estudios de Nivel Superior y las Tecnolog&#xED;as de la Informaci&#xF3;n y la Comunicaci&#xF3;n, se presentan como una buena opci&#xF3;n para la ense&#xF1;anza-aprendizaje de tan importante asignatura, ya que &#xE9;sta tiende a dinamizar la metodolog&#xED;a utilizada por el profesorado.En tal sentido, este estudio tuvo como objetivo principal, determinar la aplicaci&#xF3;n de las Tecnolog&#xED;as de la Informaci&#xF3;n y Comunicaci&#xF3;n (TIC), en la ense&#xF1;anza de las Matem&#xE1;ticas 014 y su incidencia en el desarrollo de competencias en los discentes, del Centro Universitario Regional del Nordeste (CURNE).Para la realizaci&#xF3;n de esta investigaci&#xF3;n se utiliz&#xF3; el m&#xE9;todo inductivo, y se apoy&#xF3; en el tipo de investigaci&#xF3;n descriptiva. Lo cual permiti&#xF3; recolectar datos extra&#xED;dos de la realidad. La poblaci&#xF3;n objeto de estudio estuvo conformada por ocho (8) profesores que imparten la Matem&#xE1;tica 014, as&#xED; como una muestra de trescientos cincuenta y tres (353) discentes extra&#xED;dos de una poblaci&#xF3;n total de dos mil quinientos cincuenta y cinco (2,555) que cursaron la asignatura durante el a&#xF1;o 2012-2.Despu&#xE9;s de tabular los resultados, se encontr&#xF3; que el profesorado que imparte las Matem&#xE1;ticas 014, hace muy poco uso de los recursos tecnol&#xF3;gicos en el desarrollo de sus clases, afirmado esto por el 58% de los discentes encuestados. Por tanto, se recomienda incrementar en una mayor proporci&#xF3;n el uso de tales recursos en el desarrollo de sus pr&#xE1;cticas pedag&#xF3;gicas, para la mejora de la calidad educativa, orientada en particular, al desarrollo de las aptitudes y competencias en el &#xE1;rea de Matem&#xE1;ticas.</subfield>
  </datafield>
  <datafield tag="921" ind1=" " ind2=" ">
    <subfield code="a">16</subfield>
  </datafield>
  <datafield tag="922" ind1=" " ind2=" ">
    <subfield code="a">16</subfield>
  </datafield>
  <datafield tag="923" ind1=" " ind2=" ">
    <subfield code="a">0</subfield>
  </datafield>
  <datafield tag="924" ind1=" " ind2=" ">
    <subfield code="a">NO APLICA</subfield>
  </datafield>
  <datafield tag="942" ind1=" " ind2=" ">
    <subfield code="c">Tesis</subfield>
  </datafield>
  <datafield tag="999" ind1=" " ind2=" ">
    <subfield code="c">600</subfield>
    <subfield code="d">600</subfield>
  </datafield>
</record>
